| 000 | 00469nam a2200169 a 4500 | ||
|---|---|---|---|
| 001 | 13110 | ||
| 003 | CO-ViMGA | ||
| 008 | 141112s2004 ck r 000 u spa d | ||
| 040 |
_aCO-ViMGA _bspa _cCO-ViMGA |
||
| 082 | 0 | 4 | _a628.24 C793s |
| 100 | 1 |
_aCorcho, Romero Freddy Hernán _919208 |
|
| 245 | 1 | 0 | _aSistemas de Alcantarillado |
| 260 |
_aMedellín : _bCentro General de Investigaciónes, _c1994 |
||
| 300 | _a148p. | ||
| 650 | 1 | 4 |
_aALCANTARILLADO _950110 |
| 942 |
_2ddc _cBK |
||
| 999 |
_c23934 _d23934 |
||